000
00334nam a22001457a 4500
008
230516b ||||| |||| 00| 0 eng d
020
_a
9781269824613
041
_a
eng
080
_2
9780735562448
_a
34
082
_a
34WEN
100
_a
32
101
_a
JURE
245
_a
PROFESSIONAL RESPONSIBILITY
_c
WENDEL.B.W
942
_2
udc
_c
BK
999
_c
59735
_d
59735